Japanese graphic art
This book consists of the following many parts: ars rediviva, art and power, diversity and homogeneity, calligraphy and graphic art, wood, colour and paper, reproduction and distibution, pictorial cycles, brush and knife.
Αποθηκεύτηκε σε:
| Κύριος συγγραφέας: | |
|---|---|
| Μορφή: | Βιβλίο |
| Γλώσσα: | Undetermined |
| Έκδοση: |
London
Octopus Books Limited
1976
|
| Θέματα: | |
| Ετικέτες: |
Προσθήκη ετικέτας
Δεν υπάρχουν, Καταχωρήστε ετικέτα πρώτοι!
|
| Thư viện lưu trữ: | Trung tâm Học liệu Trường Đại học Cần Thơ |
|---|
| LEADER | 00713nam a2200193Ia 4500 | ||
|---|---|---|---|
| 001 | CTU_107680 | ||
| 008 | 210402s9999 xx 000 0 und d | ||
| 082 | |a 769.952 | ||
| 082 | |b H154 | ||
| 100 | |a Hajek, Lubor | ||
| 245 | 0 | |a Japanese graphic art | |
| 245 | 0 | |c Lubor Hajek | |
| 260 | |a London | ||
| 260 | |b Octopus Books Limited | ||
| 260 | |c 1976 | ||
| 520 | |a This book consists of the following many parts: ars rediviva, art and power, diversity and homogeneity, calligraphy and graphic art, wood, colour and paper, reproduction and distibution, pictorial cycles, brush and knife. | ||
| 650 | |a Color prints, Japanese,Ukiyoe | ||
| 904 | |i M.Loan | ||
| 980 | |a Trung tâm Học liệu Trường Đại học Cần Thơ | ||